Southville International School and Colleges
Your cart is empty.
  • Cart
  • Lists
    Public lists Eva Luna New books Lux_list list_1
    Your lists Log in to create your own lists
  • Log in to your account
  • Your cookies
  • Search history
Southville International School and Colleges
  • Advanced search
  • Recent comments
  • Most popular
  • Libraries

Log in to your account

Log in with GOOGLE


If you do not have an external account, but do have a local account, you can still log in:

  1. Home
  2. MARC view: Essentials of global health /
Normal view MARC view ISBD view

Essentials of global health / (Record no. 15499)

[ view plain ]
MARC details
000 -LEADER
fixed length control field 02079cam a22004574a 4500
001 - CONTROL NUMBER
control field 14666301
003 - CONTROL NUMBER IDENTIFIER
control field OSt
005 - DATE AND TIME OF LATEST TRANSACTION
control field 20140310182735.0
008 - FIXED-LENGTH DATA ELEMENTS--GENERAL INFORMATION
fixed length control field 061205s2008 mauab b 001 0 eng
010 ## - LIBRARY OF CONGRESS CONTROL NUMBER
LC control number 2006100605
016 7# - NATIONAL BIBLIOGRAPHIC AGENCY CONTROL NUMBER
Record control number 101294660
Source DNLM
020 ## - INTERNATIONAL STANDARD BOOK NUMBER
International Standard Book Number 9780763734213 (alk. paper)
035 ## - SYSTEM CONTROL NUMBER
System control number (OCoLC)ocm77011491
035 ## - SYSTEM CONTROL NUMBER
System control number (OCoLC)77011491
040 ## - CATALOGING SOURCE
Original cataloging agency DNLM/DLC
Transcribing agency DLC
Modifying agency BAKER
-- BTCTA
-- NLM
-- C#P
-- YDXCP
-- DLC
042 ## - AUTHENTICATION CODE
Authentication code pcc
043 ## - GEOGRAPHIC AREA CODE
Geographic area code d------
050 00 - LIBRARY OF CONGRESS CALL NUMBER
Classification number RA 441
Item number .Sk56 2008
082 00 - DEWEY DECIMAL CLASSIFICATION NUMBER
Classification number 362.1
-- 22
100 1# - MAIN ENTRY--PERSONAL NAME
Personal name Skolnik, Richard L.
245 10 - TITLE STATEMENT
Title Essentials of global health /
Statement of responsibility, etc Richard Skolnik.
260 ## - PUBLICATION, DISTRIBUTION, ETC. (IMPRINT)
Place of publication, distribution, etc Sudbury, Mass. :
Name of publisher, distributor, etc Jones and Bartlett Publishers,
Date of publication, distribution, etc c2008.
300 ## - PHYSICAL DESCRIPTION
Extent xxvi, 322 p. :
Other physical details ill., maps ;
Dimensions 28 cm.
440 #0 - SERIES STATEMENT/ADDED ENTRY--TITLE
Title Essential public health
504 ## - BIBLIOGRAPHY, ETC. NOTE
Bibliography, etc Includes bibliographical references and index.
505 0# - FORMATTED CONTENTS NOTE
Formatted contents note The principles and goals of global health -- Health determinants, measurements, and trends -- Health, education, poverty and the economy -- Ethical and human rights concerns in global health -- An introduction to health systems -- Culture and health -- The environment and health -- Nutrition and global health -- Women's health -- Child health -- Communicable diseases -- Non-communicable diseases -- Unintentional injuries -- Natural disasters and complex humanitarian emergencies -- Working together to improve global health -- Science, technology, and global health.
521 ## - TARGET AUDIENCE NOTE
Target audience note
526 ## - STUDY PROGRAM INFORMATION NOTE
Reading level 1210L to 1700L
562 ## - COPY AND VERSION IDENTIFICATION NOTE
Number of copies for circulation. 1 copy available in the collection
650 #0 - SUBJECT ADDED ENTRY--TOPICAL TERM
Topical term or geographic name as entry element World health.
650 #0 - SUBJECT ADDED ENTRY--TOPICAL TERM
Topical term or geographic name as entry element Public health
Geographic subdivision Developing countries.
650 #0 - SUBJECT ADDED ENTRY--TOPICAL TERM
Topical term or geographic name as entry element Public health
General subdivision International cooperation.
650 12 - SUBJECT ADDED ENTRY--TOPICAL TERM
Topical term or geographic name as entry element World Health.
650 22 - SUBJECT ADDED ENTRY--TOPICAL TERM
Topical term or geographic name as entry element Health Services Accessibility.
650 22 - SUBJECT ADDED ENTRY--TOPICAL TERM
Topical term or geographic name as entry element Public Health.
856 41 - ELECTRONIC LOCATION AND ACCESS
Materials specified Table of contents only
Uniform Resource Identifier <a href="http://www.loc.gov/catdir/toc/ecip076/2006100605.html">http://www.loc.gov/catdir/toc/ecip076/2006100605.html</a>
906 ## - LOCAL DATA ELEMENT F, LDF (RLIN)
a 7
b cbc
c orignew
d 1
e ecip
f 20
g y-gencatlg
942 ## - ADDED ENTRY ELEMENTS (KOHA)
Source of classification or shelving scheme Library of Congress Classification
Koha item type Books
Call number prefix Foreign
Holdings
Withdrawn status Lost status Source of classification or shelving scheme Damaged status Home library Current library Shelving location Date acquired Total Checkouts Full call number Barcode Date last seen Price effective from Koha item type
    Library of Congress Classification   College Library College Library General Circulation Section 10/11/2011   RA 441 .Sk56 2008 C12499 05/15/2018 03/10/2014 Books

Essentials of global health /

APA

Skolnik R. L., . (2008). Essentials of global health. Sudbury, Mass: Jones and Bartlett Publishers.

Chicago

Skolnik Richard L, . 2008. Essentials of global health. Sudbury, Mass: Jones and Bartlett Publishers.

Harvard

Skolnik R. L., . (2008). Essentials of global health. Sudbury, Mass: Jones and Bartlett Publishers.

MLA

Skolnik Richard L, . Essentials of global health. Sudbury, Mass: Jones and Bartlett Publishers. 2008.

  • Place hold
  • Print
  • Cite
  • Add to your cart (remove)
  • Save record
    BIBTEX Dublin Core MARCXML MARC (non-Unicode/MARC-8) MARC (Unicode/UTF-8) MARC (Unicode/UTF-8, Standard) MODS (XML) RIS
  • More searches
    Search for this title in:
    Other Libraries (WorldCat) Other Databases (Google Scholar) Online Stores (Bookfinder.com) Open Library (openlibrary.org)

Exporting to Dublin Core...

SOUTHVILLE LIBRARY

Southville International School and Colleges Library

1281 Tropical Ave. Cor. Luxembourg St., BF Homes International, Las Pinas City

Tel. No. 8256374 / 252358 Loc. 117/146

Powered by Koha